Plánovanie - dôležitá funkcia riadenia v podniku
Plánovanie ako základná, východisková funkcia riadenia. Výsledky výskumu vzorky 257 respondentov - komplexnejší pohľad na zložitú problematiku plánovania. Vyhodnotenie odpovedí na okruhy: plánovanie ako dôležitá funkcia riadenia, skvalitňovanie plánovacieho procesu, používanie finančného plánu v pod...
Gespeichert in:
| 1. Verfasser: | |
|---|---|
| Format: | Buchkapitel |
| Sprache: | Slowakisch |
| Schlagworte: | |
| Tags: |
Keine Tags, Fügen Sie das erste Tag hinzu!
|
MARC
| LEADER | 00000nla$a2200000$$$4500 | ||
|---|---|---|---|
| 001 | 0076359 | ||
| 005 | 20240605111449.8 | ||
| 041 | 0 | |a slo | |
| 044 | |a SK | ||
| 245 | 1 | 0 | |a Plánovanie - dôležitá funkcia riadenia v podniku |c Alena Tóthová |
| 520 | |a Plánovanie ako základná, východisková funkcia riadenia. Výsledky výskumu vzorky 257 respondentov - komplexnejší pohľad na zložitú problematiku plánovania. Vyhodnotenie odpovedí na okruhy: plánovanie ako dôležitá funkcia riadenia, skvalitňovanie plánovacieho procesu, používanie finančného plánu v podniku. Významné funkcie finančného plánovania v podniku. | ||
| 610 | 2 | 0 | |a plánovanie podnikové |
| 610 | 2 | 0 | |a plánovanie finančné |
| 610 | 2 | 0 | |a riadenie podnikové |
| 610 | 2 | 0 | |a rozpočty |
| 610 | 2 | 0 | |a výskum |
| 100 | 1 | |a Tóthová, Alena, 1968- | |